Southville International School and Colleges
Your cart is empty.
  • Cart
  • Lists
    Public lists Eva Luna New books Lux_list list_1
    Your lists Log in to create your own lists
  • Log in to your account
  • Your cookies
  • Search history
Southville International School and Colleges
  • Advanced search
  • Recent comments
  • Most popular
  • Libraries

Log in to your account

Log in with GOOGLE


If you do not have an external account, but do have a local account, you can still log in:

  1. Home
  2. MARC view: A wedding in the family /
Normal view MARC view ISBD view

A wedding in the family / (Record no. 288591)

[ view plain ]
MARC details
000 -LEADER
fixed length control field 00415nam a22001577a 4500
003 - CONTROL NUMBER IDENTIFIER
control field PILC
005 - DATE AND TIME OF LATEST TRANSACTION
control field 20150903130522.0
008 - FIXED-LENGTH DATA ELEMENTS--GENERAL INFORMATION
fixed length control field 150903b xxu||||| |||| 00| 0 eng d
020 ## - INTERNATIONAL STANDARD BOOK NUMBER
International Standard Book Number 0733510841
050 ## - LIBRARY OF CONGRESS CALL NUMBER
Classification number PZ 7
Item number .F791 1998
100 ## - MAIN ENTRY--PERSONAL NAME
Personal name Fox, Susan.
245 ## - TITLE STATEMENT
Title A wedding in the family /
Statement of responsibility, etc Susan Fox.
260 ## - PUBLICATION, DISTRIBUTION, ETC. (IMPRINT)
Place of publication, distribution, etc Sydney :
Name of publisher, distributor, etc Harlequin Mills & Boon,
Date of publication, distribution, etc 1998.
300 ## - PHYSICAL DESCRIPTION
Extent 187 pages ;
Dimensions 19 cm.
942 ## - ADDED ENTRY ELEMENTS (KOHA)
Source of classification or shelving scheme Library of Congress Classification
Koha item type Books
Holdings
Withdrawn status Lost status Source of classification or shelving scheme Damaged status Home library Current library Shelving location Date acquired Source of acquisition Sub Shelving location Total Checkouts Full call number Barcode Date last seen Price effective from Koha item type
    Library of Congress Classification   College Library College Library Fiction Section 09/03/2015 Donation     PZ 7 .F791 1998 C19899 05/08/2018 09/03/2015 Books

A wedding in the family /

APA

Fox S., . (1998). A wedding in the family. Sydney: Harlequin Mills & Boon.

Chicago

Fox Susan, . 1998. A wedding in the family. Sydney: Harlequin Mills & Boon.

Harvard

Fox S., . (1998). A wedding in the family. Sydney: Harlequin Mills & Boon.

MLA

Fox Susan, . A wedding in the family. Sydney: Harlequin Mills & Boon. 1998.

  • Place hold
  • Print
  • Cite
  • Add to your cart (remove)
  • Save record
    BIBTEX Dublin Core MARCXML MARC (non-Unicode/MARC-8) MARC (Unicode/UTF-8) MARC (Unicode/UTF-8, Standard) MODS (XML) RIS
  • More searches
    Search for this title in:
    Other Libraries (WorldCat) Other Databases (Google Scholar) Online Stores (Bookfinder.com) Open Library (openlibrary.org)

Exporting to Dublin Core...

SOUTHVILLE LIBRARY

Southville International School and Colleges Library

1281 Tropical Ave. Cor. Luxembourg St., BF Homes International, Las Pinas City

Tel. No. 8256374 / 252358 Loc. 117/146

Powered by Koha